Turned on to Jesus, (Record no. 5152)

MARC details
000 -LEADER
fixed length control field 00841cam a2200301 4500
001 - CONTROL NUMBER
control field 27049
003 - CONTROL NUMBER IDENTIFIER
control field GBCCL
005 - DATE AND TIME OF LATEST TRANSACTION
control field 20241126110534.0
008 - FIXED-LENGTH DATA ELEMENTS--GENERAL INFORMATION
fixed length control field 710331s1971 nyu 000 0 eng
010 ## -
-- 76130700 //r852
020 ## - INTERNATIONAL STANDARD BOOK NUMBER
International Standard Book Number 0850090342
035 ## - SYSTEM CONTROL NUMBER
System control number (OCoLC)00129442
040 ## - CATALOGING SOURCE
Original cataloging agency DLC
Transcribing agency DLC
043 ## -
-- n-us-ca
049 ## -
-- LBBK
050 0# -
-- BV3775.L6
-- B55
082 ## - DEWEY DECIMAL CLASSIFICATION NUMBER
Classification number 269.2
Item number BLE
092 ## - LOCALLY ASSIGNED DEWEY CALL NUMBER (OCLC)
Classification number 269.21
Item number B647
100 1# - MAIN ENTRY--PERSONAL NAME
Personal name Blessitt, Arthur.
9 (RLIN) 9282
245 10 - TITLE STATEMENT
Title Turned on to Jesus,
Statement of responsibility, etc. by Arthur Blessitt, with Walter Wagner.
260 ## - PUBLICATION, DISTRIBUTION, ETC.
Place of publication, distribution, etc. New York,
Name of publisher, distributor, etc. Hawthorn Books
Date of publication, distribution, etc. [1971]
300 ## - PHYSICAL DESCRIPTION
Extent 242 p.
Dimensions 22 cm.
350 ## - PRICE (NR) (BK AM CF MU VM SE) [OBSOLETE]
Price $5.95
650 #0 - SUBJECT ADDED ENTRY--TOPICAL TERM
Topical term or geographic name entry element Evangelistic work
Geographic subdivision California
-- Los Angeles.
9 (RLIN) 9283
651 #0 - SUBJECT ADDED ENTRY--GEOGRAPHIC NAME
Geographic name Sunset Boulevard (Los Angeles, Calif.)
9 (RLIN) 9284
700 10 - ADDED ENTRY--PERSONAL NAME
Personal name Wagner, Walter,
Dates associated with a name 1927-
9 (RLIN) 9285
942 ## - ADDED ENTRY ELEMENTS (KOHA)
Source of classification or shelving scheme Dewey Decimal Classification
Koha item type Books
Koha issues (borrowed), all copies 2
Holdings
Withdrawn status Lost status Source of classification or shelving scheme Damaged status Not for loan Home library Current Library Shelving location Date acquired Total checkouts Full call number Barcode Date last seen Date last checked out Copy number Price effective from Koha item type
    Dewey Decimal Classification     GRACE BIBLE COLLEGE GRACE BIBLE COLLEGE Ministry & Mission 2018-02-28 2 269.2 BLE 006278 2025-05-01 2022-04-04 c.1 2018-02-28 Books
© Grace Bible College Library 2025